000 00738nam a22002417a 4500
999 _c14786
_d14786
003 AR-CdUCM
008 190424b ||||| |||| 00| 0 spa d
020 _a978-958-30-3814-3
040 _aMUNICIPALIDAD PROVINCIAL DEL CUSCO
_cBIBLIOTECA MUNICIPAL DEL CUSCO
041 _hspa
082 _aES / 808.06 /
_bM26
100 _aMarx, André
_933682
245 _aLa pandilla salvaje forja un plan /
260 _aBogotá :
_bPanamericana,
_c2011.
300 _a123 páginas ;
_c20 cm.
_bIlustrado
440 _aNovela juvenil alemana
_n2
_933683
650 _aHistoria
_951719
650 _aPandilla
_933684
650 _aEntretenimiento
_915681
700 _aPfeiffer, Boris
_933685
942 _2ddc
_cLIBROS
945 _arah
_d24/04/2019